Olympische Sommerspiele 2024 – Top 20 Länder - Statistiken

Allgemein
  • Dieses Quiz wurde 59 mal gespielt
  • Das Durchschnittsergebnis liegt bei 14 aus 20
Antwortstatistiken
Gold Medaillen beginnt mit Land % Korrekt
40 91 C China
100%
16 64 F Frankreich
98%
20 45 J Japan
98%
40 126 V Vereinigte Staaten
96%
12 33 D Deutschland
95%
18 53 A Australien
85%
15 34 N Niederlande
85%
12 40 I Italien
84%
14 65 G Großbritannien
73%
13 32 S Südkorea
69%
6 19 U Ungarn
65%
4 11 S Schweden
64%
9 27 K Kanada
55%
5 18 S Spanien
55%
3 20 B Brasilien
53%
10 20 N Neuseeland
53%
4 11 K Kenia
44%
4 7 I Irland
36%
8 13 U Usbekistan
33%
4 8 N Norwegen
31%
Keine übereinstimmenden Quizze gefunden
Verteilung der Resultate
Anzahl Personen mit jedem Resultat
Perzentil nach korrekt beantworteten Fragen
Ihre Resultats-Entwicklung
Sie haben dieses Quiz noch nicht gespielt